When efficacy is merely a matter of construction (Record no. 75998)
[ view plain ]
| 000 -LEADER | |
|---|---|
| fixed length control field | 01399cab a2200241 4500 |
| 001 - CONTROL NUMBER | |
| control field | ##L131240 |
| 008 - FIXED-LENGTH DATA ELEMENTS--GENERAL INFORMATION | |
| fixed length control field | 051010n2005 000 0 eng u |
| 035 ## - SYSTEM CONTROL NUMBER | |
| System control number | (Sirsi) u131240 |
| 041 0# - LANGUAGE CODE | |
| Language code of text/sound track or separate title | eng |
| 100 1# - MAIN ENTRY--PERSONAL NAME | |
| Personal name | Williamson, Hazel |
| 245 00 - TITLE STATEMENT | |
| Title | When efficacy is merely a matter of construction |
| 260 3# - PUBLICATION, DISTRIBUTION, ETC. | |
| Date of publication, distribution, etc. | 2005 |
| 490 ## - SERIES STATEMENT | |
| Series statement | Estates Gazette |
| Volume/sequential designation | (0539) 1 October 2005, 133 (1) |
| 520 ## - SUMMARY, ETC. | |
| Summary, etc. | Considers the use of entire agreement clauses in construction contracts as a method of avoiding a variety of potential disputes. Advises however that they must be drafted with care: drafting of this kind of clause has been quite individual as there has never really been a standard form. The entire agreement clause must be wider than a mere statement that the written document forms the entirety of the agreement. Discusses the case law relevant to entire agreement clauses. Concludes that as long as parties seek to narrow the scope for their collateral liability, entire agreement clauses will continue to be ripe for scrutiny. |
| 590 ## - LOCAL NOTE (RLIN) | |
| Local note | IKA111005 |
| 650 24 - SUBJECT ADDED ENTRY--TOPICAL TERM | |
| Topical term or geographic name entry element | INNTREPRENEUR PUB CO V EAST CROWN LTD |
| 650 24 - SUBJECT ADDED ENTRY--TOPICAL TERM | |
| Topical term or geographic name entry element | ALMAN AND BENSON V ASSOCIATED NEWSPAPERS GROUP LTD |
| 650 24 - SUBJECT ADDED ENTRY--TOPICAL TERM | |
| Topical term or geographic name entry element | EXXONMOBIL SALES AND SUPPLY CORPORATION V TEXACO LTD |
| 650 24 - SUBJECT ADDED ENTRY--TOPICAL TERM | |
| Topical term or geographic name entry element | LIVERPOOL CITY COUNCIL V IRWIN |
| 650 24 - SUBJECT ADDED ENTRY--TOPICAL TERM | |
| Topical term or geographic name entry element | UNFAIR CONTRACT TERMS ACT 1977 |
| 690 ## - LOCAL SUBJECT ADDED ENTRY--TOPICAL TERM (OCLC, RLIN) | |
| Topical term or geographic name as entry element | BUILT ENVIRONMENT-BUILDING CONTRACT FORMS |
| 942 ## - ADDED ENTRY ELEMENTS (KOHA) | |
| Suppress in OPAC | 0 |
| Withdrawn status | Lost status | Source of classification or shelving scheme | Damaged status | Not for loan | Home library | Current library | Shelving location | Date acquired | Total Checkouts | Full call number | Barcode | Date last seen | Copy number | Price effective from | Koha item type |
|---|---|---|---|---|---|---|---|---|---|---|---|---|---|---|---|
| Dewey Decimal Classification | London | London | Journal article | 10/10/2005 | L131240 | 131240-1001 | 06/08/2019 | 1 | 06/08/2019 | Journal article |